| 000 | 00552cab a2200217 4500 | ||
|---|---|---|---|
| 001 | WB3534-18 | ||
| 008 | 090401t1999 xxu||||| |||| 00| 0 eng d | ||
| 035 | _a(Sirsi) u115 | ||
| 041 | _aeng | ||
| 245 | _aEZ investment reaches eight-year high | ||
| 260 | _c1999 | ||
| 350 | _a0 | ||
| 490 |
_aProperty Week _v64(33) 27 August 1999, 5(1) |
||
| 650 | _aENTERPRISE ZONES | ||
| 650 | _aINVESTMENT | ||
| 650 | _aRICHARD ELLIS ST QUINTIN | ||
| 650 | _aSURVEYS | ||
| 690 | _aPROPERTY-PROPERTY FINANCE AND INVESTMENT | ||
| 942 | _n0 | ||
| 948 | _c01/09/1999 | ||
| 999 |
_c43 _d43 |
||